Loading...
| Science - Other | 0 | 9 | 0 | 1 | 90 | 37 | 60.33 | 1 | 6 | 0.00 | 0.00 |
| Science - Physics | 0 | 7 | 2 | 1 | 60 | 29 | 54.14 | 3 | 4 | 0.00 | 0.00 |
| Fine Arts - Classical Music | 0 | 6 | 3 | 0 | 45 | 10 | 53.83 | 1 | 5 | 0.00 | 0.00 |
| Science - Chemistry | 0 | 3 | 0 | 0 | 30 | 35 | 47.00 | 1 | 2 | 0.00 | 0.00 |
| Fine Arts - Other | 0 | 3 | 0 | 0 | 30 | 68 | 72.00 | 0 | 1 | 0.00 | 0.00 |
| Painting/Sculpture | 0 | 2 | 0 | 0 | 20 | 41 | 61.00 | 1 | 1 | 0.00 | 0.00 |
| Geography | 0 | 2 | 0 | 0 | 20 | 76 | 88.00 | 1 | 2 | 0.00 | 0.00 |
| Mythology | 0 | 2 | 1 | 0 | 15 | 57 | 90.50 | 1 | 1 | 0.00 | 0.00 |
| Science - Biology | 0 | 2 | 1 | 0 | 15 | 43 | 44.00 | 0 | 2 | 0.00 | 0.00 |
| Current Events | 0 | 1 | 0 | 0 | 10 | 16 | 16.00 | 1 | 1 | 0.00 | 0.00 |
| Religion | 0 | 1 | 1 | 1 | 5 | 105 | 105.00 | 1 | 1 | 0.00 | 0.00 |
| History - American | 0 | 0 | 1 | 0 | -5 | 0.00 | 0 | 0 | 0.00 | 0.00 | |
| Social Science | 0 | 0 | 1 | 0 | -5 | 0.00 | 0 | 0 | 0.00 | 0.00 |